ბათუმის შოთა რუსთაველის სახელმწიფო უნივერსიტეტის ბიბლიოთეკა

Career choice and developmen (ბიბ.ჩანაწერი № 51445)

000 -LEADER
fixed length control field 00739nam a2200241Ia 4500
001 - CONTROL NUMBER
control field 18431
003 - CONTROL NUMBER IDENTIFIER
control field GE_BSU
008 - FIXED-LENGTH DATA ELEMENTS--GENERAL INFORMATION
fixed length control field 181216s||||||||xx |||||||||||||| ||und||
020 ## - INTERNATIONAL STANDARD BOOK NUMBER
International Standard Book Number 0787957410 (alk. paper)
040 ## - CATALOGING SOURCE
Transcribing agency GE_BSU
080 ## - UNIVERSAL DECIMAL CLASSIFICATION NUMBER
Universal Decimal Classification number 005.9
100 ## - MAIN ENTRY--PERSONAL NAME
Personal name Brown, Duane
245 ## - TITLE STATEMENT
Title Career choice and developmen
250 ## - EDITION STATEMENT
Edition statement 4th ed.
260 ## - PUBLICATION, DISTRIBUTION, ETC.
Place of publication, distribution, etc. San Francisco
260 ## - PUBLICATION, DISTRIBUTION, ETC.
Name of publisher, distributor, etc. Jossey-Bass,
260 ## - PUBLICATION, DISTRIBUTION, ETC.
Date of publication, distribution, etc. 2002
300 ## - PHYSICAL DESCRIPTION
Extent xxii, 534 p, ill, 25 cm.
653 ## - INDEX TERM--UNCONTROLLED
Uncontrolled term Career choice and developmen
653 ## - INDEX TERM--UNCONTROLLED
Uncontrolled term კარიერული განვითარება. პროფესიული ხელმძღვანელობით.
653 ## - INDEX TERM--UNCONTROLLED
Uncontrolled term საქმიანობის მართვა
942 ## - ADDED ENTRY ELEMENTS (KOHA)
Koha item type წიგნი
ეგზემპლარები
Withdrawn status Lost status Damaged status Not for loan Date acquired Barcode Date last seen Price effective from Koha item type
        2018-12-17 47259 2018-12-17 2018-12-17 წიგნი